LEADER 03367nam 2200685Ia 450 001 9910139920203321 005 20170815170205.0 010 $a0-470-59771-2 010 $a1-282-31395-9 010 $a9786612313950 010 $a1-118-26985-3 010 $a0-470-53574-1 035 $a(CKB)1000000000800092 035 $a(EBL)469714 035 $a(OCoLC)536110555 035 $a(SSID)ssj0000357096 035 $a(PQKBManifestationID)11275012 035 $a(PQKBTitleCode)TC0000357096 035 $a(PQKBWorkID)10352553 035 $a(PQKB)11549823 035 $a(MiAaPQ)EBC469714 035 $a(EXLCZ)991000000000800092 100 $a20090326d2009 uy 0 101 0 $aeng 135 $aur|n|---||||| 181 $ctxt 182 $cc 183 $acr 200 00$aBest practices in school neuropsychology$b[electronic resource] $eguidelines for effective practice, assessment, and evidence-based intervention /$fedited by Daniel C. Miller 210 $aHoboken, N.J. $cWiley$d2009 215 $a1 online resource (888 p.) 300 $aDescription based upon print version of record. 311 $a0-470-42203-3 320 $aIncludes bibliographical references and index. 327 $aBest Practices in School Neuropsychology: Guidelines for Effective Practice, Assessment, and Evidence-Based Intervention; Contents; Foreword; Preface; About the Editor; Contributors; Section I: PROFESSIONAL ISSUES IN SCHOOL NEUROPSYCHOLOGY; Section II: PRACTICE ISSUES IN SCHOOL NEUROPSYCHOLOGY; Section III: CLINICAL APPLICATIONS OF SCHOOL NEUROPSYCHOLOGY: SPECIAL POPULATIONS; Section IV: CLINICAL APPLICATIONS OF SCHOOL NEUROPSYCHOLOGY: ACADEMIC DISABILITIES; Section V: CLINICAL APPLICATIONS OF SCHOOL NEUROPSYCHOLOGY: PROCESSING DEFICITS; Appendix: Resources for School Neuropsychology 327 $aAuthor IndexSubject Index 330 $aA comprehensive guide to the practice of school neuropsychology It is an exciting time to specialize in school neuropsychology, with countless theoretically and psychometrically sound assessment instruments available for practitioners to use in their evaluations of children with special needs. Yet the field faces the challenges of establishing evidence-based linkages between assessment and interventions and of broadening its approaches to culturally diverse populations. Edited by a leading expert in school neuropsychology, Best Practices in School Neuropsychology: Guidelines for 606 $aPediatric neuropsychology 606 $aClinical neuropsychology 606 $aSchool psychology 606 $aSchool children$xMental health services 606 $aCrisis intervention (Mental health services) 606 $aEvidence-based psychiatry 608 $aElectronic books. 615 0$aPediatric neuropsychology. 615 0$aClinical neuropsychology. 615 0$aSchool psychology. 615 0$aSchool children$xMental health services. 615 0$aCrisis intervention (Mental health services) 615 0$aEvidence-based psychiatry. 676 $a616.89 676 $a618.928 701 $aMiller$b Daniel C$g(Daniel Carlton),$f1956-$0958695 801 0$bMiAaPQ 801 1$bMiAaPQ 801 2$bMiAaPQ 906 $aBOOK 912 $a9910139920203321 996 $aBest practices in school neuropsychology$92226348 997 $aUNINA LEADER 04543oam 2200745I 450 001 9910779040503321 005 20230713072506.0 010 $a1-136-49034-5 010 $a0-203-13792-2 024 7 $a10.4324/9780203137925 035 $a(CKB)2550000000097643 035 $a(EBL)956903 035 $a(OCoLC)798532430 035 $a(SSID)ssj0000679043 035 $a(PQKBManifestationID)11396307 035 $a(PQKBTitleCode)TC0000679043 035 $a(PQKBWorkID)10609585 035 $a(PQKB)10185329 035 $a(MiAaPQ)EBC956903 035 $a(Au-PeEL)EBL956903 035 $a(CaPaEBR)ebr10545613 035 $a(CaONFJC)MIL499749 035 $a(OCoLC)787851295 035 $a(FINmELB)ELB140374 035 $a(EXLCZ)992550000000097643 100 $a20180706d2012 uy 0 101 0 $aeng 135 $aur|n|---||||| 181 $ctxt 182 $cc 183 $acr 200 00$aSacred space in Israel and Palestine $ereligion and politics /$fedited by Marshall J. Breger, Yitzhak Reiter and Leonard Hammer 210 $aAbingdon, Oxon ;$aNew York $cRoutledge$d2012 210 1$aLondon :$cRoutledge,$d2012. 215 $a1 online resource (353 p.) 225 1 $aRoutledge studies in Middle Eastern politics ;$v41 300 $aDescription based upon print version of record. 311 08$aPrint version: Sacred space in Israel and Palestine : religion and politics. Abingdon, Oxon ; Routledge, 2012. (OCoLC)703208384 1-138-11054-X 0-415-78315-1 320 $aIncludes bibliographical references and index. 327 $aCopyright -- Contents -- Contributors -- Acknowledgments -- Introduction -- Part I: Designating and grading holy places -- 1. "How awesome is this place": holy places in Jewish law -- 2. "Holy places" and "sacred spaces": canonical issues -- 3. The protection of heritage and holy sites in international law: a Palestinian perspective -- 4. From unknown saint to State site: the Jewish dimension in the sanctification process of tombs in the State of Israel -- 5. The renewal of the pilgrimage to Nabi Musa -- 6. The Zamzam well ritual in Islam and its Jerusalem connection -- Part II: Interpreting religious law in light of political need -- 7. The place of religious aspirations for sovereignty over the Temple Mount in religious-Zionist rulings -- 8. The battle over the Muslim cemeteries in Israel -- Part III: The role of religious leaders in addressing issues pertaining to holy sites -- 9. Nationalizing and denationalizing the sacred: shrines and shifting identities in the Israeli-occupied territories -- 10. Political holiness: negotiating holy places in Eretz Israel/Palestine, 1937-2003 -- 11. The importance of interfaith cooperation for the protection of Jerusalem's holy sites -- 12. Christian Palestinian communities in Israel: tensions between laity, clergy and state -- Bibliography -- Index. 330 $aReligion and religious nationalism have long played a central role in many ethnic and national conflicts, and the importance of religion to national identity means that territorial disputes can often focus on the contestation of holy places and sacred territory. Looking at the case of Israel and Palestine, this book highlights the nexus between religion and politics through the process of classifying holy places, giving them meaning and interpreting their standing in religious and civil law, within governmental policy, and within international and local communities.Written by a team 410 0$aRoutledge studies in Middle Eastern politics ;$v41. 606 $aArab-Israeli conflict$xReligious aspects 606 $aReligion and politics$zIsrael 606 $aReligion and politics$zPalestine 606 $aSacred space$xPolitical aspects$zIsrael 606 $aSacred space$xPolitical aspects$zPalestine 606 $aJewish-Arab relations$xReligious aspects 615 0$aArab-Israeli conflict$xReligious aspects. 615 0$aReligion and politics 615 0$aReligion and politics 615 0$aSacred space$xPolitical aspects 615 0$aSacred space$xPolitical aspects 615 0$aJewish-Arab relations$xReligious aspects. 676 $a322/.1095694 701 $aBreger$b Marshall J$0760562 701 $aHammer$b Leonard M$0288913 701 $aReiter$b Yitzhak$01513975 801 0$bMiAaPQ 801 1$bMiAaPQ 801 2$bMiAaPQ 906 $aBOOK 912 $a9910779040503321 996 $aSacred space in Israel and Palestine$93801607 997 $aUNINA